00790cam a22002411 4500001001300000003000400013005001700017008004100034010001700075035001900092040004700111042001200158050001400170082001100184245009100195260006800286300003800354650001400392650001300406600002600419710008600445999001700531med47002110 DLC20260227111605.0810610s1947 aluac 000 0 eng c amed47002110  a(OCoLC)7492061 aU.S. Army Medical LibrarycAUdTJoS-MdDLC apremarc00aRD41b.N6 a617.0400aTribute to Lloyd Noland.cReunion volume, May sixteenth, nineteen hundred forty seven. aFairfield, Ala.,bEmployees' Hospital Reunion Committeec[1947] ax, 343 p.billus., ports.c24 cm. 0aMedicine. 0aSurgery.10aNoland, Lloyd,d1880-2 aTennessee Coal, Iron, and Railroad Company.bEmployees' Hospital, Fairfield, Ala. c38510d38510